[Event "Stuttgarter Stadtmeisterschaft B"]
[Site "Ditzingen"]
[Date "2015.05.16"]
[Round "6.19"]
[White "Zimmermann, Tobias"]
[Black "Wachtel, Arthur"]
[Result "1-0"]
[WhiteElo "1804"]
[BlackElo "1607"]
[PlyCount "51"]
[EventDate "2015.??.??"]
[WhiteTeam "SC Schachmatt Botnang"]
[BlackTeam "SK Freising"]

1. e4 e6 2. d4 d5 3. Nd2 Nc6 4. c3 e5 5. Bb5 dxe4 6. Nxe4 Bd7 7. d5 Nce7 8. Bc4
Nf5 9. Nf3 Nd6 10. Nxd6+ cxd6 11. Qe2 Qc7 12. O-O Be7 13. Be3 Nf6 14. Bb3 O-O
15. h3 Rfe8 16. Nd2 h6 17. Rac1 Kh8 18. c4 b6 19. Bc2 Qb7 20. f4 Kg8 21. fxe5
dxe5 22. Qf3 Rf8 23. Qg3 Bc5 24. Bxc5 bxc5 25. b3 Rfe8 26. Rxf6 1-0

[Event "Stuttgarter Stadtmeisterschaft B"]
[Site "Ditzingen"]
[Date "2015.05.16"]
[Round "6.20"]
[White "Rieder, Josef"]
[Black "Longo, Massimo"]
[Result "1-0"]
[WhiteElo "1800"]
[BlackElo "1580"]
[PlyCount "63"]
[EventDate "2015.??.??"]
[WhiteTeam "Stuttgarter SF"]
[BlackTeam "SK Germering"]

1. e4 d6 2. Nf3 Nf6 3. Nc3 e5 4. d4 Nbd7 5. Bc4 Be7 6. Ng5 O-O 7. f4 exd4 8.
Qxd4 c5 9. Qd3 a6 10. a4 Qc7 11. O-O Nb6 12. Nd5 Nfxd5 13. exd5 Bxg5 14. fxg5
Bd7 15. Bd2 Rae8 16. Ba5 Re5 17. Qb3 Rxg5 18. Qxb6 Qb8 19. Qc7 Bh3 20. Rf2 Qe8
21. Re1 Qxa4 22. b3 Qa2 23. Bc3 Rxg2+ 24. Rxg2 Bxg2 25. Bd3 Bxd5 26. Ra1 Bxb3
27. Rxa2 Bxa2 28. Qxd6 Be6 29. Qe5 f6 30. Qxe6+ Kh8 31. Qe7 Ra8 32. Qxb7 1-0

[Event "Stuttgarter Stadtmeisterschaft B"]
[Site "Ditzingen"]
[Date "2015.05.16"]
[Round "6.21"]
[White "Pfeilsticker, Thorsten"]
[Black "Michna, Marcus"]
[Result "0-1"]
[WhiteElo "1663"]
[BlackElo "1798"]
[PlyCount "76"]
[EventDate "2015.??.??"]
[WhiteTeam "SV Stuttgart-Wolfbusch"]
[BlackTeam "TSF Ditzingen"]

1. d4 Nf6 2. Nf3 c5 3. e3 e6 4. Bd3 Qc7 5. c3 Be7 6. Nbd2 O-O 7. O-O d6 8. Re1
Nc6 9. Nf1 b6 10. Ng5 h6 11. Ne4 Bb7 12. Nxf6+ Bxf6 13. Qg4 g6 14. f4 Ne7 15.
Ng3 Bg7 16. Bd2 Nf5 17. Qe2 Qe7 18. Nf1 Qd7 19. Rad1 Ne7 20. Bc1 Qc7 21. dxc5
Qxc5 22. Kh1 e5 23. e4 Rfe8 24. Be3 Qc7 25. Qd2 Kh7 26. fxe5 dxe5 27. Qf2 Ng8
28. Qg3 Nf6 29. Bc1 Rad8 30. Qf3 Bc8 31. Ne3 Be6 32. Nd5 Rxd5 33. exd5 Bg4 34.
Qe3 Bxd1 35. d6 Qxd6 36. Rxd1 Qc7 37. b3 e4 38. Bb5 Ng4 0-1

[Event "Stuttgarter Stadtmeisterschaft B"]
[Site "Ditzingen"]
[Date "2015.05.16"]
[Round "6.22"]
[White "Schröder, Stefan"]
[Black "Forster, Lukas"]
[Result "1/2-1/2"]
[WhiteElo "1791"]
[BlackElo "1571"]
[PlyCount "62"]
[EventDate "2015.??.??"]
[WhiteTeam "Airbus Helicopters Sportgemeinsc"]
[BlackTeam "Stuttgarter SF 1879"]

1. d4 Nf6 2. Nf3 g6 3. e3 Bg7 4. c4 d6 5. Nc3 O-O 6. Be2 c6 7. O-O Nbd7 8. Qc2
Qc7 9. b3 Re8 10. Bb2 e5 11. Rac1 Bh6 12. dxe5 dxe5 13. Ne4 Nxe4 14. Qxe4 Bg7
15. Rcd1 Nc5 16. Qc2 Bf5 17. Qc1 a5 18. Ba3 Qe7 19. Ne1 e4 20. Nc2 Qg5 21. Kh1
b6 22. Nd4 Bd7 23. Bb2 Be5 24. Nc2 Qh4 25. Bxe5 Rxe5 26. Qb2 Rae8 27. Qd4 Bg4
28. Bxg4 Qxg4 29. f4 Rh5 30. Rd2 Qh4 31. h3 h6 1/2-1/2

[Event "Stuttgarter Stadtmeisterschaft B"]
[Site "Ditzingen"]
[Date "2015.05.16"]
[Round "6.23"]
[White "Brunner, Jan"]
[Black "Waibel, Christian"]
[Result "1-0"]
[WhiteElo "1773"]
[BlackElo "1481"]
[PlyCount "63"]
[EventDate "2015.??.??"]
[WhiteTeam "SpVgg Rommelshausen"]
[BlackTeam "SG Schwäbisch Gmünd 1872 e.V"]

1. d4 d5 2. c4 e6 3. Nf3 Nf6 4. g3 Nc6 5. Bg2 Bd7 6. cxd5 exd5 7. O-O Bd6 8.
Nc3 h6 9. a3 O-O 10. Nb5 Be7 11. Bf4 Rc8 12. Rc1 a6 13. Nc3 Bg4 14. Ne5 Be6 15.
Nxc6 bxc6 16. Na4 Qd7 17. Qc2 Ra8 18. Nc5 Bxc5 19. Qxc5 Rfb8 20. b4 Rb6 21. f3
Nh5 22. Bd2 Bh3 23. a4 Bxg2 24. Kxg2 Qe6 25. Rfe1 a5 26. bxa5 Rb2 27. Rc2 Rab8
28. Rxb2 Rxb2 29. Qc3 Ra2 30. Qb4 Qd6 31. Qb8+ Kh7 32. Qb1+ 1-0

[Event "Stuttgarter Stadtmeisterschaft B"]
[Site "Ditzingen"]
[Date "2015.05.16"]
[Round "6.24"]
[White "Gheng, Dominik"]
[Black "Schröck, Holger"]
[Result "1-0"]
[WhiteElo "1771"]
[BlackElo "1499"]
[PlyCount "89"]
[EventDate "2015.??.??"]
[WhiteTeam "Schach-Kids Bernhausen e.V."]
[BlackTeam "TSV Heumaden"]

1. e4 d6 2. d4 Nf6 3. Nc3 g6 4. h3 Bg7 5. Be3 O-O 6. Qd2 b6 7. f3 Bb7 8. g4 c5
9. d5 e6 10. O-O-O exd5 11. exd5 Na6 12. Bxa6 Bxa6 13. Bh6 Re8 14. h4 Qe7 15.
Bxg7 Kxg7 16. Qh2 h5 17. g5 Nd7 18. f4 b5 19. Nf3 b4 20. Rhe1 Qf8 21. Ne4 Bb5
22. f5 Ne5 23. Nxe5 Rxe5 24. Nxd6 Rxe1 25. Rxe1 Bd7 26. Re7 Bxf5 27. Qe5+ Kg8
28. Rxf7 Qxf7 29. Nxf7 Kxf7 30. Qf6+ Kg8 31. d6 Rf8 32. Qe7 Rf7 33. Qe8+ Kg7
34. Qe5+ Kg8 35. Qxc5 Rd7 36. Qxb4 Kf7 37. c4 Ke6 38. c5 Kd5 39. Qb5 Kd4 40. b4
Rf7 41. c6 Bd3 42. Qxd3+ Kxd3 43. d7 Kc3 44. d8=Q Rf1+ 45. Qd1 1-0

[Event "Stuttgarter Stadtmeisterschaft B"]
[Site "Ditzingen"]
[Date "2015.05.16"]
[Round "6.25"]
[White "Theuer, Tobias"]
[Black "Schreiber, Stephan"]
[Result "1-0"]
[WhiteElo "1560"]
[BlackElo "1767"]
[PlyCount "55"]
[EventDate "2015.??.??"]
[WhiteTeam "SG Schwäbisch Gmünd 1872 e.V"]
[BlackTeam "SC Botnang"]

1. e4 c5 2. Nf3 d6 3. d4 cxd4 4. Nxd4 Nf6 5. Nc3 a6 6. Bd3 e6 7. O-O Be7 8. b3
O-O 9. Bb2 Qc7 10. Re1 b5 11. Kh1 Bb7 12. a3 Nc6 13. Nxc6 Bxc6 14. f4 Rfd8 15.
Qe2 Rac8 16. Nd1 d5 17. Bxf6 Bxf6 18. e5 Be7 19. f5 Bc5 20. Nf2 exf5 21. Bxf5
Rb8 22. e6 fxe6 23. Bxe6+ Kh8 24. Nh3 Rf8 25. Ng5 Rbe8 26. Qh5 h6 27. Qg6 hxg5
28. Qh5# 1-0

[Event "Stuttgarter Stadtmeisterschaft B"]
[Site "Ditzingen"]
[Date "2015.05.16"]
[Round "6.26"]
[White "Dendic, Amar"]
[Black "Strauss, Martin"]
[Result "0-1"]
[WhiteElo "1449"]
[BlackElo "1758"]
[PlyCount "44"]
[EventDate "2015.??.??"]
[WhiteTeam "Stuttgarter SF 1879"]
[BlackTeam "SC Sillenbuch"]

1. e4 c5 2. Nf3 Nc6 3. d4 cxd4 4. Nxd4 e5 5. Nb3 Nf6 6. Nc3 Bb4 7. f3 d5 8.
exd5 Nxd5 9. Bd2 Be6 10. a3 Nxc3 11. Bxc3 Bxc3+ 12. bxc3 Qb6 13. Bd3 Bxb3 14.
cxb3 Rd8 15. Ke2 e4 16. fxe4 Ne5 17. Qf1 Rxd3 18. Qf4 f6 19. Qf5 O-O 20. Qf4
Rxc3 21. Rac1 Qb5+ 22. Kd1 Rd8+ 0-1

[Event "Stuttgarter Stadtmeisterschaft B"]
[Site "Ditzingen"]
[Date "2015.05.16"]
[Round "6.28"]
[White "Shahisavandi, Abdollah"]
[Black "Schmitz, Harald"]
[Result "1/2-1/2"]
[WhiteElo "1817"]
[BlackElo "1701"]
[PlyCount "54"]
[EventDate "2015.??.??"]
[WhiteTeam "Karlsruher SF 1853"]
[BlackTeam "SC Aidlingen"]

1. e4 e6 2. d4 d5 3. Nc3 Bb4 4. e5 c5 5. a3 Bxc3+ 6. bxc3 Nc6 7. Nf3 Qc7 8. Bd3
Nge7 9. O-O Bd7 10. a4 cxd4 11. cxd4 Nb4 12. Ba3 Nxd3 13. Qxd3 Rc8 14. Rfc1 Qc3
15. Qxc3 Rxc3 16. Rcb1 b6 17. a5 b5 18. a6 f5 19. Bc5 Nc8 20. Rb2 Kf7 21. Kf1
Nb6 22. Rba2 Ra8 23. Ke1 Na4 24. Kd2 Rc4 25. Bd6 Rac8 26. Kd3 Rc3+ 27. Kd2 R3c4
1/2-1/2

[Event "Stuttgarter Stadtmeisterschaft B"]
[Site "Ditzingen"]
[Date "2015.05.16"]
[Round "6.29"]
[White "Herbst, Rudolf"]
[Black "Pocrnic, Josip"]
[Result "1/2-1/2"]
[WhiteElo "1681"]
[BlackElo "1782"]
[PlyCount "81"]
[EventDate "2015.??.??"]
[WhiteTeam "SG Fasanenhof"]
[BlackTeam "SF Conweiler"]

1. c4 Nf6 2. Nc3 e6 3. e4 d5 4. e5 Nfd7 5. d4 dxc4 6. Bxc4 Nb6 7. Bb3 c6 8. Nf3
Be7 9. Be3 Na6 10. a3 Nc7 11. O-O O-O 12. Qd3 Nbd5 13. Nxd5 Nxd5 14. Bc2 g6 15.
Bh6 Re8 16. Qd2 Rb8 17. Ng5 b6 18. Be4 Ba6 19. Rfc1 Rc8 20. Bxd5 Qxd5 21. Qf4
Bxg5 22. Bxg5 f5 23. exf6 Rf8 24. Re1 Rf7 25. Re5 Qd7 26. Rae1 Bc4 27. Bh6 Rd8
28. Rd1 Rc8 29. Bg7 Bd5 30. Re3 Qc7 31. Qh6 a5 32. Rh3 Rxg7 33. fxg7 Qxg7 34.
Qf4 a4 35. Re3 Qd7 36. Rde1 Re8 37. Qf6 b5 38. f4 Rf8 39. Qg5 Rf5 40. Qg3 Qd6
41. Re5 {Rest unklar (53.)} 1/2-1/2

[Event "Stuttgarter Stadtmeisterschaft B"]
[Site "Ditzingen"]
[Date "2015.05.16"]
[Round "6.30"]
[White "Potthast, Christian"]
[Black "Domingos, Antonio"]
[Result "1-0"]
[WhiteElo "1751"]
[BlackElo "1690"]
[PlyCount "39"]
[EventDate "2015.??.??"]
[WhiteTeam "SF Kornwestheim"]

1. d4 Nf6 2. c4 e6 3. Nf3 b6 4. g3 Bb7 5. Bg2 Bb4+ 6. Bd2 Qe7 7. O-O O-O 8. a3
Bxd2 9. Nbxd2 d6 10. Qc2 Nbd7 11. e4 Rac8 12. Rfe1 c5 13. d5 e5 14. Nf1 h6 15.
Ne3 g6 16. Nh4 Rc7 17. Qd2 Nh5 18. Ng4 Nf4 19. Nxh6+ Kg7 20. N6f5+ 1-0

[Event "Stuttgarter Stadtmeisterschaft B"]
[Site "Ditzingen"]
[Date "2015.05.16"]
[Round "6.31"]
[White "Gheng, Hannelore"]
[Black "Hartmann, Anatoli"]
[Result "1-0"]
[WhiteElo "1744"]
[BlackElo "1630"]
[PlyCount "43"]
[EventDate "2015.??.??"]
[WhiteTeam "SF Deizisau"]
[BlackTeam "SK Sachsenheim"]

1. e4 e6 2. d4 d5 3. Bd3 c6 4. c3 h6 5. Nd2 dxe4 6. Nxe4 Nf6 7. Nf3 Nxe4 8.
Bxe4 Nd7 9. O-O Nf6 10. Bc2 Be7 11. Ne5 Bd7 12. a4 Qc7 13. f4 c5 14. Be3 Rd8
15. Qf3 cxd4 16. Bxd4 Bc5 17. Rad1 Bxd4+ 18. Rxd4 O-O 19. Qd3 Qb6 20. Kh1 Bc8
21. Ng4 Rxd4 22. Nxf6+ 1-0

[Event "Stuttgarter Stadtmeisterschaft B"]
[Site "Ditzingen"]
[Date "2015.05.16"]
[Round "6.32"]
[White "Christ, Marcel"]
[Black "Paulsen, Jonathan"]
[Result "0-1"]
[WhiteElo "1658"]
[BlackElo "1714"]
[PlyCount "78"]
[EventDate "2015.??.??"]
[WhiteTeam "SC Ingersheim"]
[BlackTeam "SC Stetten a.d.F."]

1. d4 Nf6 2. c4 g6 3. Nc3 d5 4. cxd5 Nxd5 5. e4 Nxc3 6. bxc3 Bg7 7. Nf3 c5 8.
Bb5+ Nc6 9. Bxc6+ bxc6 10. O-O Bg4 11. h3 Bxf3 12. Qxf3 cxd4 13. cxd4 Bxd4 14.
Rb1 O-O 15. Ba3 Qa5 16. Bxe7 Rfe8 17. Rb7 Qxa2 18. Rfb1 Rxe7 19. R7b4 c5 20.
R4b3 Rae8 21. Re1 Rxe4 22. Rxe4 Rxe4 23. Rb8+ Kg7 24. Qxe4 Qa1+ 25. Rb1 Qa2 26.
Rf1 a5 27. Qf3 a4 28. h4 Qb3 29. Qe4 a3 30. Rb1 Qc4 31. Qa8 a2 32. Rf1 Qxf1+
33. Kxf1 a1=Q+ 34. Qxa1 Bxa1 35. Ke2 c4 36. f3 c3 37. Kd3 Kf6 38. g4 Ke5 39. g5
Kf4 0-1

[Event "Stuttgarter Stadtmeisterschaft B"]
[Site "Ditzingen"]
[Date "2015.05.16"]
[Round "6.33"]
[White "Pelezki, Sergej"]
[Black "Lang, Thomas"]
[Result "1/2-1/2"]
[WhiteElo "1839"]
[BlackElo "1653"]
[PlyCount "41"]
[EventDate "2015.??.??"]
[WhiteTeam "SV 1947 Wendlingen"]
[BlackTeam "SV Jedesheim"]

1. d4 Nf6 2. c4 g6 3. Nc3 Bg7 4. Nf3 O-O 5. e4 d6 6. Be2 e5 7. d5 Nbd7 8. O-O
Nc5 9. Qc2 a5 10. Be3 Nfd7 11. Ne1 f5 12. exf5 gxf5 13. f3 f4 14. Bf2 Qg5 15.
Ne4 Nxe4 16. fxe4 Nf6 17. Nf3 Qg6 18. Nh4 Qg5 19. Nf3 Qg6 20. Nh4 Qg5 21. Nf3
1/2-1/2

[Event "Stuttgarter Stadtmeisterschaft B"]
[Site "Ditzingen"]
[Date "2015.05.16"]
[Round "6.34"]
[White "Günay, Nuri"]
[Black "Steinmassl, Guido"]
[Result "1-0"]
[WhiteElo "1742"]
[BlackElo "1636"]
[PlyCount "77"]
[EventDate "2015.??.??"]
[WhiteTeam "SK Sachsenheim"]
[BlackTeam "SK Gerlingen"]

1. d4 Nf6 2. c4 e6 3. Nc3 d5 4. Bg5 Be7 5. e3 c6 6. cxd5 exd5 7. Qc2 Nbd7 8.
Bd3 Qa5 9. a3 c5 10. Nf3 h6 11. Bh4 c4 12. Be2 g5 13. Bg3 Ne4 14. Nd2 Nxg3 15.
hxg3 Nf6 16. e4 Bb4 17. O-O Bxc3 18. bxc3 Be6 19. exd5 Nxd5 20. Ne4 Qc7 21.
Bxc4 Kf8 22. Nc5 Kg7 23. Nxe6+ fxe6 24. Bxd5 exd5 25. Rac1 Qf7 26. Rfe1 Rhe8
27. Qa4 Rxe1+ 28. Rxe1 a6 29. Qb4 a5 30. Qd6 Re8 31. Rxe8 Qxe8 32. Qxd5 Qe1+
33. Kh2 Qxc3 34. Qxb7+ Kf6 35. Qb6+ Kg7 36. Qc5 Qxc5 37. dxc5 Kf6 38. Kh3 h5
39. f4 1-0

[Event "Stuttgarter Stadtmeisterschaft B"]
[Site "Ditzingen"]
[Date "2015.05.16"]
[Round "6.35"]
[White "Trobonjaca, Milos"]
[Black "Fischer, Lothar"]
[Result "1/2-1/2"]
[WhiteElo "1633"]
[BlackElo "1717"]
[PlyCount "74"]
[EventDate "2015.??.??"]
[WhiteTeam "SF Oeffingen"]
[BlackTeam "SV Reutlingen"]

1. c4 e5 2. Nc3 Nf6 3. e4 c6 4. Nf3 d6 5. d4 Nbd7 6. Bd3 Be7 7. d5 O-O 8. O-O
Nc5 9. Bc2 a5 10. Be3 Bg4 11. h3 Bxf3 12. Qxf3 Qc7 13. Bxc5 dxc5 14. b3 g6 15.
Rfd1 Nh5 16. Ne2 Bd6 17. g3 Rae8 18. Rd2 Qe7 19. Rad1 Rd8 20. a3 Ng7 21. h4 f5
22. dxc6 bxc6 23. exf5 gxf5 24. Qxc6 Rf6 25. Nc3 Qf8 26. Nb5 Be7 27. Qc7 Rxd2
28. Rxd2 Re6 29. Qxa5 f4 30. Qc3 Bf6 31. Be4 Kh8 32. Qd3 h6 33. Nc7 Rb6 34. Nd5
Rb8 35. Nxf6 Qxf6 36. Kg2 Ne6 37. Qd6 Rd8 1/2-1/2

[Event "Stuttgarter Stadtmeisterschaft B"]
[Site "Ditzingen"]
[Date "2015.05.16"]
[Round "6.36"]
[White "Hornung, Richard"]
[Black "Collin, Alexander"]
[Result "0-1"]
[WhiteElo "1716"]
[BlackElo "1591"]
[PlyCount "44"]
[EventDate "2015.??.??"]
[WhiteTeam "SG Schwabing München"]
[BlackTeam "Schach-Pinguine Murrhardt"]

1. Nf3 e6 2. d4 d5 3. g3 c5 4. e3 Nc6 5. c3 cxd4 6. exd4 Nf6 7. Bg2 b6 8. O-O
Ba6 9. Re1 Bd6 10. Ne5 Bxe5 11. dxe5 Nd7 12. Bxd5 exd5 13. Qxd5 Ne7 14. Qf3 O-O
15. Bg5 h6 16. Bf4 Ng6 17. Na3 Nxf4 18. Qxf4 Nc5 19. Rad1 Qg5 20. Qf3 Rad8 21.
b4 Nd3 22. Re3 Nxe5 0-1

[Event "Stuttgarter Stadtmeisterschaft B"]
[Site "Ditzingen"]
[Date "2015.05.16"]
[Round "6.37"]
[White "Helmich, Jörg"]
[Black "Schmölzing, Matthias"]
[Result "1/2-1/2"]
[WhiteElo "1704"]
[BlackElo "1568"]
[PlyCount "47"]
[EventDate "2015.??.??"]
[WhiteTeam "Regensb. Turnerschaft"]
[BlackTeam "SV Würzburg"]

1. e4 c5 2. Nc3 d6 3. f4 g6 4. Nf3 Bg7 5. Bb5+ Bd7 6. Bxd7+ Nxd7 7. O-O e6 8.
d3 a6 9. a4 Ne7 10. Nh4 Nc6 11. g3 Qc7 12. f5 O-O 13. fxe6 fxe6 14. Nf3 Nd4 15.
Nxd4 Bxd4+ 16. Kg2 Rxf1 17. Qxf1 Rf8 18. Qd1 Rf2+ 19. Kh1 Qd8 20. Bf4 e5 21.
Bh6 Bxc3 22. bxc3 g5 23. Qg4 Qf6 24. Qxg5+ 1/2-1/2

[Event "Stuttgarter Stadtmeisterschaft B"]
[Site "Ditzingen"]
[Date "2015.05.16"]
[Round "6.38"]
[White "Uhlarz, Jörg"]
[Black "Boschmann, Werner"]
[Result "0-1"]
[WhiteElo "1690"]
[BlackElo "1519"]
[PlyCount "70"]
[EventDate "2015.??.??"]
[WhiteTeam "SC Mühlacker"]
[BlackTeam "SC Widdern"]

1. d4 d5 2. c4 e6 3. Nc3 Nf6 4. Nf3 c6 5. a4 Bb4 6. Ne5 Ne4 7. Qc2 Qa5 8. Bd2
Nxd2 9. Qxd2 Nd7 10. Nxd7 Bxd7 11. e3 b5 12. Be2 bxc4 13. O-O O-O 14. Qc2 a6
15. e4 Rab8 16. Bf3 Bxc3 17. bxc3 Rb3 18. Rfc1 g6 19. Qd2 Rfb8 20. Bd1 Rb2 21.
Qf4 f5 22. exf5 exf5 23. h4 Qd8 24. g3 Qf6 25. Rc2 R2b7 26. Bf3 Kg7 27. Re2 h6
28. Kg2 g5 29. hxg5 hxg5 30. Qe5 g4 31. Bxg4 fxg4 32. Qe7+ Qxe7 33. Rxe7+ Kf6
34. Rae1 Bf5 35. Rxb7 Rxb7 0-1

[Event "Stuttgarter Stadtmeisterschaft B"]
[Site "Ditzingen"]
[Date "2015.05.16"]
[Round "6.39"]
[White "Dallinger, Moritz"]
[Black "Kobald, Matthias"]
[Result "1/2-1/2"]
[WhiteElo "1570"]
[BlackElo "1683"]
[PlyCount "80"]
[EventDate "2015.??.??"]
[WhiteTeam "SV Stuttgart-Wolfbusch"]
[BlackTeam "SV Stuttgart-Wolfbusch"]

1. e4 c5 2. Nf3 g6 3. d4 cxd4 4. Nxd4 Nf6 5. Nc3 Nc6 6. Nxc6 bxc6 7. Bc4 d6 8.
e5 Ng8 9. Qf3 d5 10. Nxd5 Be6 11. Nc3 Qd7 12. Bb5 Rc8 13. Ba6 Rb8 14. Bd2 Bh6
15. O-O-O Bxd2+ 16. Rxd2 Qc7 17. Na4 Nh6 18. Qc3 O-O 19. Nc5 Bd5 20. f3 Nf5 21.
Bc4 e6 22. Na6 Qb6 23. Nxb8 Rxb8 24. Bb3 Kg7 25. Qd3 c5 26. c4 Bc6 27. Bd1 Nd4
28. h4 Qa6 29. b3 Qa3+ 30. Rb2 a5 31. Re1 a4 32. Re3 axb3 33. Bxb3 Ba4 34. Kb1
Bxb3 35. axb3 Ra8 36. Kc1 Rd8 37. Qd1 Qa1+ 38. Rb1 Qa3+ 39. Rb2 Qa1+ 40. Rb1
Qa3+ 1/2-1/2

[Event "Stuttgarter Stadtmeisterschaft B"]
[Site "Ditzingen"]
[Date "2015.05.16"]
[Round "6.40"]
[White "Kußmann, Alexander"]
[Black "Krebs, Thomas"]
[Result "0-1"]
[WhiteElo "1681"]
[BlackElo "1455"]
[PlyCount "140"]
[EventDate "2015.??.??"]
[WhiteTeam "SC Aidlingen"]
[BlackTeam "SK e4 Gerlingen"]

1. e3 d5 2. c4 e6 3. Nc3 Nf6 4. Nf3 c5 5. cxd5 Nxd5 6. Be2 a6 7. O-O Nc6 8. Re1
Be7 9. Qb3 O-O 10. d3 Na5 11. Qc2 b5 12. Bd2 b4 13. Na4 Nb7 14. e4 Nb6 15. Nxb6
Qxb6 16. Be3 Qd8 17. Red1 Bd7 18. Rac1 Rc8 19. Ne5 Bd6 20. Nxd7 Qxd7 21. f4 Qc7
22. e5 Be7 23. d4 Qa5 24. Qe4 Rb8 25. Bd3 g6 26. Bc4 cxd4 27. Rxd4 Bc5 28. Rdd1
Bxe3+ 29. Qxe3 Rfd8 30. Rxd8+ Rxd8 31. Qa7 Qc5+ 32. Qxc5 Nxc5 33. Rc2 a5 34. g3
Ne4 35. b3 Rd1+ 36. Kg2 Nc3 37. Kf3 Ra1 38. a4 Rd1 39. Ke3 Kf8 40. Rd2 Rxd2 41.
Kxd2 Ke7 42. Kd3 Kd7 43. Kd4 Kc6 44. g4 h5 45. gxh5 gxh5 46. f5 exf5 47. Bxf7
h4 48. Ke3 Nd5+ 49. Kf3 Kc5 50. Bg6 Kd4 51. Bxf5 Kxe5 52. Bd3 Kd4 53. Bc4 Ne3
54. Bg8 Nf1 55. h3 Nd2+ 56. Kg4 Kc3 57. Kxh4 Nxb3 58. Kg5 Nd4 59. Bd5 b3 60.
Kf4 b2 61. Be4 Nc2 62. h4 b1=Q 63. h5 Qc1+ 64. Kg4 Nd4 65. Bg6 Qe3 66. Kh4 Nf3+
67. Kg4 Ne5+ 68. Kf5 Nxg6 69. hxg6 Qh6 70. Kf6 Qf8+ 0-1

[Event "Stuttgarter Stadtmeisterschaft B"]
[Site "Ditzingen"]
[Date "2015.05.16"]
[Round "6.41"]
[White "Tsybulevsky, Juri"]
[Black "Ungerer, Tobias"]
[Result "0-1"]
[WhiteElo "1676"]
[BlackElo "1179"]
[PlyCount "70"]
[EventDate "2015.??.??"]
[WhiteTeam "Stuttgarter SF"]
[BlackTeam "Schach-Kids Bernhausen"]

1. d4 d5 2. c4 e6 3. Nf3 Nf6 4. Nc3 Be7 5. e3 O-O 6. Be2 b6 7. O-O Bb7 8. cxd5
exd5 9. a3 Nbd7 10. Bd2 c5 11. Re1 Ne4 12. Bc1 Ndf6 13. Nd2 Nxc3 14. bxc3 Rc8
15. Nf3 c4 16. a4 Ne4 17. Nd2 Nxc3 18. Qc2 Nxe2+ 19. Rxe2 Ba6 20. Qc3 Bf6 21.
Ba3 Re8 22. Rd1 Bb7 23. Bb2 Qd7 24. Ra1 Bg5 25. Nf3 Qf5 26. Nxg5 Qxg5 27. Rae1
Qf5 28. Rd2 Qd7 29. Ra1 Qe7 30. Re1 a5 31. Ba3 Qe6 32. Bb2 Qg6 33. f3 Qd6 34.
Ba3 Qc6 35. Bb2 Qxa4 0-1

[Event "Stuttgarter Stadtmeisterschaft B"]
[Site "Ditzingen"]
[Date "2015.05.16"]
[Round "6.43"]
[White "Blum, Michael"]
[Black "Giugno, Carmelo"]
[Result "0-1"]
[WhiteElo "1562"]
[BlackElo "1659"]
[PlyCount "82"]
[EventDate "2015.??.??"]
[WhiteTeam "SC Aidlingen"]
[BlackTeam "Stuttgarter SF 1879"]

1. e4 e5 2. Nf3 Nc6 3. Bb5 Nge7 4. O-O d6 5. h3 Bd7 6. d4 a6 7. Ba4 b5 8. Bb3
exd4 9. Nxd4 Na5 10. Bg5 Nxb3 11. axb3 h6 12. Bh4 c5 13. Nf3 Be6 14. Nc3 Qd7
15. Kh2 g5 16. Bg3 Ng6 17. Ng1 Nf4 18. f3 Bg7 19. Qe1 Be5 20. Rd1 h5 21. Kh1 h4
22. Bh2 Qc7 23. Nd5 Bxd5 24. exd5 O-O-O 25. c3 Rde8 26. Qe4 Qd7 27. Ra1 Qb7 28.
Bxf4 Bxf4 29. Qc2 Re3 30. Rfe1 Rhe8 31. Rxe3 Rxe3 32. Rd1 f5 33. Ne2 Be5 34.
Rd3 Rxd3 35. Qxd3 Qf7 36. Qd1 f4 37. Ng1 Qf5 38. Kh2 c4 39. bxc4 bxc4 40. Ne2
Qd3 41. Qxd3 cxd3 0-1

[Event "Stuttgarter Stadtmeisterschaft B"]
[Site "Ditzingen"]
[Date "2015.05.16"]
[Round "6.44"]
[White "Pelezki, Jurij"]
[Black "Giebler, Kai"]
[Result "1-0"]
[WhiteElo "1822"]
[BlackElo "1528"]
[PlyCount "124"]
[EventDate "2015.??.??"]
[WhiteTeam "SV Fellbach"]
[BlackTeam "TSF Ditzingen"]

1. Nf3 d5 2. d4 e6 3. e3 Nf6 4. Bd3 Be7 5. Nc3 b6 6. O-O O-O 7. b3 Bb7 8. Bb2
Nbd7 9. Ne2 Ne4 10. c4 f5 11. Rc1 c5 12. Nf4 Rf6 13. dxc5 Rh6 14. cxd5 Ndxc5
15. Bc4 exd5 16. Nxd5 Kh8 17. Nxe7 Qxe7 18. Qc2 Nd6 19. Be2 Rc8 20. Qd2 Nde4
21. Qd4 Rd6 22. Qe5 Qxe5 23. Nxe5 Kg8 24. b4 Ne6 25. Rxc8+ Bxc8 26. Rd1 Rxd1+
27. Bxd1 g6 28. f3 Nd6 29. Nc6 Nc4 30. Bc1 Bd7 31. Nxa7 b5 32. Kf1 Nc7 33. Bb3
Kf8 34. Kf2 Ke7 35. Ke2 Nd6 36. a4 Na6 37. Bd2 Kd8 38. Kd3 Kc7 39. Bc3 Nc4 40.
a5 Nd6 41. Kc2 Nc4 42. Bxc4 bxc4 43. b5 Nc5 44. Bd4 Nb3 45. Bb6+ Kb7 46. Kc3
Nxa5 47. Bxa5 Kxa7 48. Kxc4 Kb7 49. Kc5 Be8 50. Bc3 Kc7 51. b6+ Kb7 52. Bd4 Bf7
53. e4 fxe4 54. fxe4 Be8 55. g3 Bc6 56. e5 Be4 57. Kd6 Kc8 58. Ke7 h5 59. Bc5
Bd3 60. e6 Be4 61. Bd6 Bc6 62. Kf7 g5 1-0

[Event "Stuttgarter Stadtmeisterschaft B"]
[Site "Ditzingen"]
[Date "2015.05.16"]
[Round "6.45"]
[White "De Oliveira Vasconcelos, Marcel B"]
[Black "Zaytsev, Evgeny"]
[Result "1/2-1/2"]
[WhiteElo "1499"]
[BlackElo "1736"]
[PlyCount "127"]
[EventDate "2015.??.??"]
[WhiteTeam "SV Dicker Turm Esslingen"]
[BlackTeam "Stuttgarter SF"]

1. d4 Nf6 2. Nf3 g6 3. Bf4 Bg7 4. e3 O-O 5. Be2 d6 6. c4 Re8 7. O-O Nh5 8. Bg3
Nxg3 9. hxg3 Na6 10. Nc3 c6 11. Rc1 Nc7 12. b4 b6 13. a4 Bd7 14. Qb3 Rb8 15. b5
h6 16. Bd3 c5 17. dxc5 bxc5 18. a5 Na6 19. Qa3 Nb4 20. Be2 Be6 21. a6 Bf5 22.
e4 Bc8 23. Na2 Nxa2 24. Qxa2 Qb6 25. Rfd1 Qc7 26. Nd2 Rb6 27. Nb3 Be6 28. Bf3
Rf8 29. Re1 Bf6 30. Qe2 Bc8 31. Bg4 e6 32. Red1 Bg7 33. Rd3 Rd8 34. Rcd1 h5 35.
Bf3 Be5 36. Qd2 Bg7 37. Na5 Bf8 38. Nc6 Rd7 39. Qg5 Bg7 40. g4 hxg4 41. Bxg4
Rxc6 42. bxc6 Qxc6 43. Qd2 Bxa6 44. Rxd6 Rxd6 45. Qxd6 Qxd6 46. Rxd6 Bxc4 47.
Rd8+ Bf8 48. Ra8 a6 49. e5 Kg7 50. Bf3 Bb5 51. Bb7 g5 52. Bxa6 Bc6 53. Rc8 Bd5
54. g3 Be7 55. f4 gxf4 56. gxf4 Be4 57. Kf2 Bf5 58. Ke3 Bh3 59. Rc7 Bd8 60.
Rxc5 Bb6 61. Kd4 Kg6 62. Bd3+ Bf5 63. Be2 Bb1 64. Bg4 1/2-1/2

[Event "Stuttgarter Stadtmeisterschaft B"]
[Site "Ditzingen"]
[Date "2015.05.16"]
[Round "6.46"]
[White "Jüttner, Maik"]
[Black "Weisensel, Wolfgang"]
[Result "1-0"]
[WhiteElo "1483"]
[BlackElo "1685"]
[PlyCount "45"]
[EventDate "2015.??.??"]
[WhiteTeam "SpVgg Rommelshausen"]
[BlackTeam "Stuttgarter SF"]

1. e4 e6 2. d3 b6 3. f4 Bb7 4. Nf3 c5 5. Nbd2 Nc6 6. c3 Nge7 7. Be2 Ng6 8. Nf1
Qc7 9. Qd2 d6 10. Ng3 Be7 11. O-O O-O 12. Ng5 h6 13. Nf3 Bf6 14. Nh5 Qd8 15.
Nxf6+ Qxf6 16. Qe1 Nxf4 17. Bxf4 Qxf4 18. Nh4 Qg5 19. Rf3 Kh8 20. Qf2 Ne5 21.
Rh3 Ng6 22. Nf3 Nf4 23. Nxg5 1-0

[Event "Stuttgarter Stadtmeisterschaft B"]
[Site "Ditzingen"]
[Date "2015.05.16"]
[Round "6.47"]
[White "Froehlich, Franziska"]
[Black "Awiszus, Thomas"]
[Result "1-0"]
[WhiteElo "1456"]
[BlackElo "1619"]
[PlyCount "57"]
[EventDate "2015.??.??"]
[WhiteTeam "SK Gerlingen"]
[BlackTeam "SK Schmiden/Cannstatt"]

1. e4 d6 2. Nf3 g6 3. d4 Bg7 4. Be3 Nf6 5. Qd3 O-O 6. Nbd2 a6 7. Be2 b5 8. O-O
Nc6 9. c3 Bb7 10. Qc2 e6 11. h3 Qe7 12. b4 Nd7 13. a4 Na7 14. Rfe1 c5 15. bxc5
dxc5 16. Qb3 b4 17. Rab1 cxd4 18. cxd4 a5 19. Bg5 Qd6 20. Nc4 Qc7 21. Rbc1 Bxe4
22. Be7 Rfb8 23. Bd6 Qd8 24. Bxb8 Qxb8 25. Nxa5 Bd5 26. Bc4 Bxf3 27. Qxf3 Bxd4
28. Red1 Qb6 29. Qxa8+ 1-0